000 00696nam a2200277Ia 4500
005 20260320195828.0
008 008 262003s9999 xx 000 0 hin d
020 _a9789390625161
037 _aEBOOK
040 _aCRL
040 _bhin
040 _cCRL
041 _2hin
041 _ahin
084 _qCRL
100 _aसं. विजय बहादुर सिंह
_91133243
245 0 _aछायावाद और उसके कवि
250 _a1st
260 _bRajkamal
260 _c2023
300 _a207
856 _uhttps://ebook.indiaread.in/pdfs/Chhayavad_Aur_Uske_kavi.pdf
942 _cEBOOK
999 _c1716728
_d1716728